El pobre Villamuriel / (Record no. 157041)

MARC details
000 -LEADER
campo de control de longitud fija 00667nam a2200169 i 4500
001 - NÚMERO DE CONTROL
campo de control 157041
003 - IDENTIFICADOR DE NÚMERO DE CONTROL
campo de control ES-MaACL
005 - FECHA Y HORA DE LA ÚLTIMA TRANSACCIÓN
campo de control 20230906210551.0
008 - DATOS DE LONGITUD FIJA--INFORMACIÓN GENERAL
campo de control de longitud fija 040806s1891 sp |||| | spa d
100 1# - ENTRADA PRINCIPAL--NOMBRE DE PERSONA
Nombre de persona Lapoulide, Juan Lorenzo (
Fechas asociadas al nombre m. 1906)
9 (RLIN) 163573
245 13 - MENCIÓN DEL TÍTULO
Título El pobre Villamuriel /
Mención de responsabilidad, etc. por Juan Lapoulide.
260 ## - PUBLICACIÓN, DISTRIBUCIÓN, ETC.
Lugar de publicación, distribución, etc. Madrid :
Nombre del editor, distribuidor, etc. [s.n.],
Fecha de publicación, distribución, etc. 1891 (
Fabricante Imp. a cargo de Celestino Novoa)
300 ## - DESCRIPCIÓN FÍSICA
Extensión 318 p. ;
Dimensiones 20 cm.
530 ## - NOTA DISPONIBLE DE FORMULARIO FÍSICO ADICIONAL
Nota de formato físico adicional disponible Disponible en formato digital.
852 ## - LOCALIZACIÓN
Ubicación ES-MaACL
Número de control de estantería D-636
Nota libre - Rust. muy deteriorada
-- . - Legado M. de la Fuente
856 ## - LOCALIZACIÓN Y ACCESO ELECTRÓNICOS
Identificador Uniforme de Recursos <a href="https://bvpb.mcu.es/es/consulta/registro.do?id=577754 ">https://bvpb.mcu.es/es/consulta/registro.do?id=577754 </a>
Nota pública Biblioteca Virtual del Patrimonio Bibliográfico
Holdings
Estatus retirado Estado de pérdida Estado de daño No para préstamo Colección Biblioteca de origen Biblioteca actual Ubicación en estantería Fecha de adquisición Fuente de adquisición Total de préstamos Signatura topográfica completa Código de barras Visto por última vez Precio de reemplazo Tipo de ítem Koha
        Colección digital Biblioteca del Ateneo de Madrid Biblioteca del Ateneo de Madrid Sala Valle Inclán 17/01/2008     D-636 901164309 23/02/2023 23/02/2023 Libro impreso antiguo